[Event "European Blitz 2017"]
[Site "Katowice POL"]
[Date "2017.12.15"]
[Round "15.14"]
[White "Fridman, Daniel"]
[Black "Fedorchuk, Sergey A."]
[Result "0-1"]
[WhiteTitle "GM"]
[BlackTitle "GM"]
[WhiteElo "2633"]
[BlackElo "2648"]
[WhiteFideId "11600454"]
[BlackFideId "14102536"]
[EventDate "2017.12.15"]
[EventType "blitz"]

1. g3 Nf6 2. Bg2 e5 3. d3 d5 4. Nf3 Bd6 5. O-O O-O 6. c4 c6 7. Bg5 dxc4 8. dxc4
h6 9. Bc1 Qe7 10. Nc3 Rd8 11. Qc2 e4 12. Nd4 Bxg3 13. hxg3 Rxd4 14. Be3 Rxc4 15.
b3 Rxc3 16. Qxc3 Bg4 17. Bd4 Nbd7 18. f3 Bf5 19. Rad1 Nd5 20. Qb2 N7f6 21. Qd2
Re8 22. Bxf6 Nxf6 23. Qd6 Nd5 24. Qxe7 Rxe7 25. Rd4 Nc3 26. Rd2 e3 27. Rd8+ Kh7
28. Re1 Nxa2 29. g4 Bc2 30. Kh2 Bxb3 31. f4 a5 32. Ra8 a4 33. f5 Nc3 34. Bf3 Bd5
35. Kg3 b5 36. Ra6 b4 37. g5 a3 38. Bh5 g6 39. fxg6+ fxg6 40. Bf3 hxg5 41. Rh1+
Kg7 42. Rc1 b3 43. Rxa3 b2 44. Raxc3 bxc1=Q 45. Rxc1 Bxf3 46. Kxf3 Re6 47. Rc5
Kh6 48. Kg4 Re4+ 49. Kf3 Rf4+ 50. Kxe3 Rf6 51. Rc1 g4 52. Rg1 Kg5 53. Kd4 Kh4
54. e4 g3 55. e5 Rf8 56. e6 Kh3 57. Ke5 Kh2 58. Rc1 g2 59. e7 Re8 60. Kd4 0-1

[Event "European Blitz 2017"]
[Site "Katowice POL"]
[Date "2017.12.15"]
[Round "15.15"]
[White "Stocek, Jiri"]
[Black "Michalik, Peter"]
[Result "0-1"]
[WhiteTitle "GM"]
[BlackTitle "GM"]
[WhiteElo "2566"]
[BlackElo "2557"]
[WhiteFideId "304760"]
[BlackFideId "14907526"]
[EventDate "2017.12.15"]
[EventType "blitz"]

1. d4 d5 2. Bf4 Nf6 3. e3 e6 4. Nf3 c5 5. c3 Nc6 6. Nbd2 cxd4 7. exd4 Nh5 8. Bg5
Qc7 9. Bb5 Bd6 10. O-O Bd7 11. Re1 O-O 12. Bxc6 bxc6 13. Ne5 g6 14. Bh6 Ng7 15.
Qf3 f6 16. Nxd7 Qxd7 17. c4 Rab8 18. b3 Rf7 19. Bxg7 Kxg7 20. Re2 Bb4 21. a3 Ba5
22. b4 Bb6 23. c5 Bc7 24. Qh3 e5 25. Qxd7 Rxd7 26. Nb3 e4 27. Rb1 a5 28. Nd2 Bf4
29. g3 Bh6 30. Nb3 Ra7 31. bxa5 Rxa5 32. Nxa5 Rxb1+ 33. Kg2 f5 34. Nxc6 Kf7 35.
Nb4 Ke6 36. Rc2 f4 0-1

[Event "European Blitz 2017"]
[Site "Katowice POL"]
[Date "2017.12.15"]
[Round "15.17"]
[White "Hracek, Zbynek"]
[Black "Krejci, Jan2"]
[Result "1-0"]
[WhiteTitle "GM"]
[BlackTitle "GM"]
[WhiteElo "2592"]
[BlackElo "2570"]
[WhiteFideId "300071"]
[BlackFideId "322156"]
[EventDate "2017.12.15"]
[EventType "blitz"]

1. e4 e5 2. Nf3 Nf6 3. Nxe5 d6 4. Nf3 Nxe4 5. Nc3 Nxc3 6. dxc3 Be7 7. Be3 Nc6 8.
Qd2 Bg4 9. O-O-O Qd7 10. Kb1 a6 11. h3 Be6 12. g4 O-O-O 13. Nd4 Bd5 14. Rg1 Bf6
15. g5 Bxd4 16. Bxd4 Bf3 17. Re1 Nxd4 18. Qxd4 Rhe8 19. Bd3 g6 20. h4 Rxe1+ 21.
Rxe1 Re8 22. Rxe8+ Qxe8 23. b3 Qe5 24. Qxe5 dxe5 25. Bc4 f5 26. gxf6 Kd7 27. Kc1
b5 28. Bg8 h5 29. Kd2 Bg4 30. Ke3 Bf5 31. f4 exf4+ 32. Kxf4 Bxc2 33. b4 Ke8 34.
Kg5 Kf8 35. Bd5 Bd3 36. Bb7 Bf5 37. Bxa6 Bd7 38. c4 c6 39. cxb5 cxb5 40. Bb7 Be8
41. Bd5 Bd7 42. a3 Be8 43. Be6 Bf7 44. Bd7 1-0

[Event "European Blitz 2017"]
[Site "Katowice POL"]
[Date "2017.12.15"]
[Round "15.18"]
[White "Arnaudov, G. Petar"]
[Black "Klekowski, Maciej"]
[Result "0-1"]
[WhiteTitle "GM"]
[BlackTitle "IM"]
[WhiteElo "2439"]
[BlackElo "2498"]
[WhiteFideId "2907127"]
[BlackFideId "1132717"]
[EventDate "2017.12.15"]
[EventType "blitz"]

1. Nf3 Nf6 2. c4 b6 3. g3 Bb7 4. Bg2 e6 5. O-O c5 6. Nc3 Be7 7. Re1 O-O 8. e4 d6
9. d4 cxd4 10. Nxd4 Qc8 11. Be3 Nbd7 12. f4 a6 13. Rc1 Qc7 14. g4 g6 15. g5 Nh5
16. f5 e5 17. Nd5 Qd8 18. f6 Bxf6 19. gxf6 Bxd5 20. Nf5 Be6 21. Nxd6 Qxf6 22.
Qf3 Nf4 23. b4 a5 24. c5 axb4 25. cxb6 Rxa2 26. Bf2 Nh3+ 0-1

[Event "European Blitz 2017"]
[Site "Katowice POL"]
[Date "2017.12.15"]
[Round "15.19"]
[White "Trent, Lawrence"]
[Black "Costachi, Mihnea"]
[Result "0-1"]
[WhiteTitle "IM"]
[BlackTitle "IM"]
[WhiteElo "2436"]
[BlackElo "2441"]
[WhiteFideId "408638"]
[BlackFideId "1217518"]
[EventDate "2017.12.15"]
[EventType "blitz"]

1. e4 e5 2. Nf3 Nc6 3. Bb5 a6 4. Ba4 d6 5. c3 g6 6. O-O Bg7 7. d4 Bd7 8. dxe5
dxe5 9. Be3 Nf6 10. Nbd2 O-O 11. h3 Qe7 12. b4 Rfd8 13. Qc2 Nh5 14. Bb3 Be6 15.
Kh2 Nf4 16. Bxe6 Qxe6 17. Nb3 b6 18. Rad1 Qc4 19. Nfd2 Qd3 20. Qxd3 Rxd3 21. Nb1
Rad8 22. Rxd3 Rxd3 23. g3 Ne6 24. Kg2 Na7 25. Kf3 Nb5 26. Ke2 Rd8 27. a4 Nd6 28.
N1d2 f5 29. a5 bxa5 30. Nxa5 f4 31. Bc5 Nxc5 32. bxc5 Nb5 33. Nb1 Bf8 34. c6 Kf7
35. Rd1 Rxd1 36. Kxd1 Bc5 37. gxf4 Bxf2 38. Ke2 Bg3 39. fxe5 Bxe5 40. Kd3 g5 41.
Nc4 Ke6 42. Ne3 h5 43. c4 Na7 44. Nd2 Nxc6 45. Nf3 Bf6 46. Nd5 Ne5+ 47. Nxe5
Bxe5 48. Ne3 a5 49. Kc2 a4 50. Kb1 Kd6 51. Ka2 Kc5 52. Ka3 Kd4 53. Nd5 Kxc4 54.
Kxa4 Kd4 55. Ne7 Kxe4 56. Kb5 g4 57. hxg4 hxg4 58. Ng6 g3 59. Nh4 Ke3 60. Kc6
Kf2 61. Kd5 Bd6 62. Kd4 0-1

[Event "European Blitz 2017"]
[Site "Katowice POL"]
[Date "2017.12.15"]
[Round "15.20"]
[White "Jakubowski, Krzysztof"]
[Black "Tari, Aryan"]
[Result "0-1"]
[WhiteTitle "GM"]
[BlackTitle "GM"]
[WhiteElo "2526"]
[BlackElo "2593"]
[WhiteFideId "1112848"]
[BlackFideId "1510045"]
[EventDate "2017.12.15"]
[EventType "blitz"]

1. c4 e5 2. Nc3 Bb4 3. Qc2 Nf6 4. a3 Bxc3 5. Qxc3 Nc6 6. b4 d6 7. e3 Bf5 8. Ne2
O-O 9. Ng3 Bg6 10. Be2 h5 11. h4 Re8 12. Bb2 Qd7 13. d3 Ne7 14. Qb3 a5 15. b5
Ng4 16. Bxg4 Qxg4 17. Rh3 a4 18. Qc3 c6 19. bxc6 bxc6 20. f3 Qe6 21. Ne4 Rab8
22. Ng5 Qd7 23. Qc2 Rb3 24. Bc3 d5 25. cxd5 Nxd5 26. Ne4 Bxe4 0-1

[Event "European Blitz 2017"]
[Site "Katowice POL"]
[Date "2017.12.15"]
[Round "15.21"]
[White "Krzyzanowski, Marcin"]
[Black "Warakomski, Tomasz"]
[Result "0-1"]
[WhiteTitle "IM"]
[BlackTitle "GM"]
[WhiteElo "2457"]
[BlackElo "2537"]
[WhiteFideId "1132199"]
[BlackFideId "1124552"]
[EventDate "2017.12.15"]
[EventType "blitz"]

1. e4 c5 2. Nf3 e6 3. b3 Nc6 4. Bb2 d6 5. d4 cxd4 6. Nxd4 Nf6 7. Nxc6 bxc6 8. e5
dxe5 9. Qxd8+ Kxd8 10. Bxe5 Nd7 11. Bb2 Bb7 12. Nd2 f6 13. O-O-O Kc7 14. Nc4 Bc5
15. f4 a5 16. a4 Nb6 17. Re1 Rhe8 18. Nxb6 Kxb6 19. Bd3 h6 20. Re2 Rad8 21. g4
Ba6 22. Bxa6 Kxa6 23. Rhe1 Rd6 24. h4 Kb6 25. g5 hxg5 26. hxg5 Bd4 27. gxf6
Bxb2+ 28. Kxb2 gxf6 29. Re4 f5 30. Rc4 Rg8 31. Re5 Rg4 32. Rec5 Rxf4 33. Rxc6+
Rxc6 34. Rxf4 Kc5 35. c3 Kd5 36. b4 Ke5 37. Rf1 f4 38. b5 Rc8 39. Kc2 Ke4 40.
Re1+ Kf5 41. Kd3 e5 42. c4 Rd8+ 43. Kc3 f3 44. b6 e4 45. c5 f2 46. Rb1 e3 47. c6
e2 48. c7 e1=Q+ 49. Kc4 Qe4+ 50. Kb5 Qxb1+ 51. Ka6 f1=Q+ 52. Ka7 Rc8 53. Kb7
Rxc7+ 0-1

[Event "European Blitz 2017"]
[Site "Katowice POL"]
[Date "2017.12.15"]
[Round "15.22"]
[White "Kislinsky, Alexey"]
[Black "Klabis, Rokas"]
[Result "1-0"]
[WhiteTitle "GM"]
[BlackTitle "FM"]
[WhiteElo "2513"]
[BlackElo "2366"]
[WhiteFideId "14108801"]
[BlackFideId "12805246"]
[EventDate "2017.12.15"]
[EventType "blitz"]

1. e4 e5 2. Nf3 Nc6 3. Bc4 Bc5 4. b4 Bxb4 5. c3 Bd6 6. d4 Nf6 7. O-O O-O 8. Bg5
Be7 9. d5 Na5 10. Bd3 d6 11. Be3 b6 12. h3 Nb7 13. Nbd2 Nd7 14. Bc2 g6 15. Bh6
Re8 16. Nh2 Nbc5 17. Ng4 Nf6 18. Ne3 Ba6 19. c4 b5 20. f4 bxc4 21. fxe5 dxe5 22.
Ndxc4 Ncxe4 23. Qf3 Nd6 24. Nxe5 Bxf1 25. Rxf1 Bf8 26. Bxf8 Kxf8 27. Nc6 Rxe3
28. Qxe3 Qe8 29. Qh6+ Kg8 30. Rxf6 Qe2 31. Rf2 Qe1+ 32. Rf1 Qe2 33. Bb3 Re8 34.
Qf4 Re4 35. Qf6 Nf5 36. Rxf5 gxf5 37. Qxf5 Qe3+ 38. Kh2 1-0

[Event "European Blitz 2017"]
[Site "Katowice POL"]
[Date "2017.12.15"]
[Round "15.23"]
[White "Plat, Vojtech"]
[Black "Dzhuguryan, Tygran"]
[Result "1-0"]
[WhiteTitle "GM"]
[WhiteElo "2567"]
[BlackElo "2220"]
[WhiteFideId "325740"]
[BlackFideId "21872988"]
[EventDate "2017.12.15"]
[EventType "blitz"]

1. e4 c6 2. d4 d5 3. exd5 cxd5 4. c4 Nf6 5. Nc3 e6 6. Nf3 Be7 7. a3 O-O 8. c5 b6
9. b4 bxc5 10. bxc5 Ne4 11. Nxe4 dxe4 12. Ne5 Ba6 13. Bxa6 Nxa6 14. Qa4 Nc7 15.
O-O f6 16. Nc6 Qd7 17. Nxe7+ Qxe7 18. Bf4 e5 19. dxe5 fxe5 20. Be3 Qh4 21. f3
Rad8 22. fxe4 Kh8 23. Qc6 Qe7 24. Rxf8+ Rxf8 25. Rf1 Rxf1+ 26. Kxf1 Qf6+ 27.
Qxf6 gxf6 28. c6 a6 29. Bb6 Ne8 30. c7 Nd6 31. Bc5 Nc8 32. Ke2 Kg8 33. Kf3 Kf7
34. Kg4 Ke6 35. h4 Kd7 36. Kf5 Kxc7 37. Kxf6 Kc6 38. Bb4 Nb6 39. Kxe5 a5 40. Be1
Nc4+ 41. Kf6 Kb5 42. e5 Nxa3 43. e6 Nc4 44. e7 Nd6 45. Bg3 Ne8+ 46. Kf7 1-0

[Event "European Blitz 2017"]
[Site "Katowice POL"]
[Date "2017.12.15"]
[Round "15.24"]
[White "Pena Gomez, Manuel"]
[Black "McShane, Luke J"]
[Result "0-1"]
[WhiteTitle "IM"]
[BlackTitle "GM"]
[WhiteElo "2491"]
[BlackElo "2640"]
[WhiteFideId "2252813"]
[BlackFideId "404853"]
[EventDate "2017.12.15"]
[EventType "blitz"]

1. e4 g6 2. d4 Bg7 3. Nc3 d6 4. Be3 a6 5. h4 h6 6. Qd2 b5 7. O-O-O Bb7 8. f3 Nd7
9. Nh3 e6 10. g4 Ne7 11. Nf4 Nb6 12. Qg2 Qd7 13. g5 h5 14. Kb1 b4 15. Nce2 a5
16. d5 exd5 17. Bxb6 cxb6 18. Nxd5 Bxd5 19. exd5 O-O 20. Nd4 Nxd5 21. Bb5 Qc7
22. Rhe1 Qc5 23. Bc6 Bxd4 24. Bxd5 Qxd5 25. Re4 Rae8 26. Qd2 Rxe4 27. fxe4 Qxe4
28. Qxd4 Qxd4 29. Rxd4 f6 30. a3 fxg5 31. hxg5 Rf5 32. Rxd6 Rxg5 33. axb4 axb4
34. Rxb6 Rg4 35. c4 bxc3 36. b4 h4 37. Kc2 h3 38. Rb8+ Kg7 39. Rb7+ Kh6 40. Rb8
Rh4 0-1

[Event "European Blitz 2017"]
[Site "Katowice POL"]
[Date "2017.12.15"]
[Round "15.25"]
[White "Buhmann, Rainer"]
[Black "Sammalvuo, Tapani"]
[Result "1-0"]
[WhiteTitle "GM"]
[BlackTitle "IM"]
[WhiteElo "2584"]
[BlackElo "2416"]
[WhiteFideId "4651340"]
[BlackFideId "501115"]
[EventDate "2017.12.15"]
[EventType "blitz"]

1. e4 e5 2. Nf3 Nc6 3. Bb5 a6 4. Ba4 Nf6 5. O-O Be7 6. Re1 b5 7. Bb3 d6 8. a4
Bd7 9. c3 Na5 10. Bc2 c5 11. d3 Nc6 12. Nbd2 O-O 13. Nf1 Re8 14. Bg5 h6 15. Bxf6
Bxf6 16. Ne3 Be6 17. Bb3 Ne7 18. Bxe6 fxe6 19. Qb3 Qd7 20. g3 Kh8 21. Kg2 Reb8
22. axb5 axb5 23. h4 b4 24. Rxa8 Rxa8 25. cxb4 Rb8 26. Nc2 Nc6 27. Qa4 cxb4 28.
Ne3 Qe8 29. Rc1 Nd4 30. Qxe8+ Rxe8 31. Ng4 Nb3 32. Rc6 Be7 33. Ne3 Nc5 34. d4
exd4 35. Nxd4 Bf6 36. Nb5 Nxe4 37. f3 Rb8 38. fxe4 Rxb5 39. b3 d5 40. Rxe6 d4
41. Nc4 Rc5 42. e5 1-0

[Event "European Blitz 2017"]
[Site "Katowice POL"]
[Date "2017.12.15"]
[Round "15.26"]
[White "Kazakovskiy, Valeriy"]
[Black "Pavlidis, Antonios"]
[Result "0-1"]
[WhiteTitle "IM"]
[BlackTitle "GM"]
[WhiteElo "2422"]
[BlackElo "2539"]
[WhiteFideId "13507443"]
[BlackFideId "4212312"]
[EventDate "2017.12.15"]
[EventType "blitz"]

1. d4 Nf6 2. Nf3 g6 3. c4 Bg7 4. g3 O-O 5. Bg2 d5 6. cxd5 Nxd5 7. O-O Nc6 8. Nc3
Nxc3 9. bxc3 e5 10. Bg5 f6 11. Be3 e4 12. Nd2 f5 13. Nb3 Kh8 14. Qd2 a5 15. Bg5
Qd6 16. Bf4 Qe7 17. a4 b6 18. f3 exf3 19. Bxf3 Bb7 20. Rae1 Rae8 21. Qc2 Nd8 22.
d5 Nf7 23. e4 Ne5 24. Bg2 Ba6 25. Rf2 Nd3 26. Re3 Nxf2 27. Kxf2 fxe4 28. Rxe4
Qf6 29. Nd4 Rxe4 30. Qxe4 g5 31. Ne6 gxf4 32. Nxf8 fxg3+ 33. Kxg3 Bxf8 0-1

[Event "European Blitz 2017"]
[Site "Katowice POL"]
[Date "2017.12.15"]
[Round "15.27"]
[White "Mastrovasilis, Dimitrios"]
[Black "Kourousis, Epaminondas"]
[Result "1-0"]
[WhiteTitle "GM"]
[BlackTitle "IM"]
[WhiteElo "2582"]
[BlackElo "2393"]
[WhiteFideId "4202694"]
[BlackFideId "4211626"]
[EventDate "2017.12.15"]
[EventType "blitz"]

1. e4 c6 2. d4 d5 3. e5 Bf5 4. h4 h5 5. Bd3 Bxd3 6. Qxd3 e6 7. Bg5 Qb6 8. Nd2
Ne7 9. Ngf3 Nf5 10. O-O Nd7 11. c4 Qa6 12. b3 Be7 13. Bxe7 Nxe7 14. Rfe1 Nf5 15.
Nf1 Rd8 16. Ne3 Nxe3 17. Rxe3 Nb6 18. c5 Qxd3 19. Rxd3 Nc8 20. b4 Ne7 21. b5
cxb5 22. Rb3 a6 23. a4 bxa4 24. Rxb7 f6 25. Rxa4 Nf5 1-0

[Event "European Blitz 2017"]
[Site "Katowice POL"]
[Date "2017.12.15"]
[Round "15.28"]
[White "Gdanski, Jacek"]
[Black "Dvirnyy, Danyyil"]
[Result "1/2-1/2"]
[WhiteTitle "GM"]
[BlackTitle "GM"]
[WhiteElo "2458"]
[BlackElo "2532"]
[WhiteFideId "1100106"]
[BlackFideId "817570"]
[EventDate "2017.12.15"]
[EventType "blitz"]

1. e4 c6 2. d4 d5 3. exd5 cxd5 4. c4 Nf6 5. Nc3 Nc6 6. Nf3 Bg4 7. cxd5 Nxd5 8.
Qb3 Bxf3 9. gxf3 Nb6 10. Be3 e6 11. O-O-O Be7 12. d5 Nxd5 13. Qxb7 Ncb4 14. Bb5+
Kf8 15. a3 Rb8 16. Qxa7 Qc8 17. Bd7 Na2+ 18. Kc2 Rxb2+ 19. Kxb2 Qxc3+ 20. Kxa2
Qc2+ 21. Ka1 Qc3+ 22. Ka2 Qc4+ 23. Ka1 Qc3+ 24. Ka2 Qc2+ 1/2-1/2

[Event "European Blitz 2017"]
[Site "Katowice POL"]
[Date "2017.12.15"]
[Round "15.29"]
[White "Kovalev, Denis"]
[Black "Polivanov, Anatoliy"]
[Result "1-0"]
[WhiteTitle "IM"]
[BlackTitle "IM"]
[WhiteElo "2504"]
[BlackElo "2383"]
[WhiteFideId "14104059"]
[BlackFideId "14109468"]
[EventDate "2017.12.15"]
[EventType "blitz"]

1. Nf3 d5 2. c4 d4 3. g3 Nc6 4. Bg2 e5 5. O-O e4 6. Ne1 h5 7. Bxe4 h4 8. d3 Bh3
9. Ng2 Qd7 10. Qa4 Nf6 11. Bf3 hxg3 12. fxg3 Ng4 13. Nd2 Ne3 14. Rf2 Bxg2 15.
Bxg2 Nxg2 16. Rxg2 O-O-O 17. Nf3 f6 18. Bd2 g5 19. b4 Kb8 20. b5 Ne7 21. c5 c6
22. Rb1 Ka8 23. Ba5 cxb5 24. Qxb5 Qxb5 25. Rxb5 Rd5 26. Bd8 Rxd8 27. Rf2 Nc6 28.
Nd2 g4 29. Rxf6 Bh6 30. Ne4 Be3+ 31. Kg2 Rhf8 32. Rb1 Ne5 33. Rbf1 Rxf6 34. Rxf6
Re8 35. Nd6 Rd8 36. Re6 Nc6 37. Re4 Rg8 38. Nf5 Bd2 39. Nxd4 Nxd4 40. Rxd4 Re8
41. Kf1 Rf8+ 42. Kg2 Re8 43. Rxg4 Rxe2+ 44. Kf3 Re8 45. d4 a5 46. h4 a4 47. d5
Be3 48. Rxa4+ Kb8 49. Re4 Rxe4 50. Kxe4 Bxc5 51. h5 Kc7 52. Ke5 Ba3 53. Ke6 Bd6
54. h6 Bf8 55. h7 Bg7 56. g4 b5 57. g5 b4 58. g6 Kd8 59. Kf7 Bh8 60. g7 Bxg7 61.
Kxg7 1-0

[Event "European Blitz 2017"]
[Site "Katowice POL"]
[Date "2017.12.15"]
[Round "15.30"]
[White "Kovalev, Vladislav"]
[Black "Krause, Jonah"]
[Result "1/2-1/2"]
[WhiteTitle "GM"]
[BlackTitle "FM"]
[WhiteElo "2639"]
[BlackElo "2368"]
[WhiteFideId "13504398"]
[BlackFideId "12907910"]
[EventDate "2017.12.15"]
[EventType "swiss"]

1. d4 Nf6 2. Bf4 g6 3. Nc3 d5 4. e3 Bg7 5. h4 h5 6. Nf3 Bg4 7. Be2 O-O 8. Ne5
Bxe2 9. Qxe2 a6 10. g4 c5 11. O-O-O cxd4 12. exd4 Nc6 13. Rhe1 Rc8 14. g5 Ne8
15. Nxc6 Rxc6 16. Qxe7 Qc8 17. Nxd5 Rxc2+ 18. Kb1 Rxf2 19. Qe4 Qg4 20. Ne7+ Kh7
21. Rc1 Rxf4 22. Qxb7 Rxd4 23. Rc2 Rd1+ 24. Rxd1 Qxd1+ 25. Rc1 Qd3+ 26. Ka1 Nd6
27. Qb4 a5 28. Qc5 Rb8 29. Qc2 1/2-1/2

[Event "European Blitz 2017"]
[Site "Katowice POL"]
[Date "2017.12.15"]
[Round "15.31"]
[White "Kreisl, Robert"]
[Black "Mikhalchishin, Adrian"]
[Result "1-0"]
[WhiteTitle "IM"]
[BlackTitle "GM"]
[WhiteElo "2440"]
[BlackElo "2479"]
[WhiteFideId "1613880"]
[BlackFideId "14602385"]
[EventDate "2017.12.15"]
[EventType "blitz"]

1. Nf3 d5 2. g3 Nf6 3. Bg2 b5 4. O-O e6 5. d3 Be7 6. e4 c5 7. exd5 Nxd5 8. c4
Nb4 9. Ne1 N4c6 10. cxb5 Bb7 11. bxc6 Nxc6 12. Nc3 O-O 13. Be3 Rc8 14. Nf3 Ba6
15. Qd2 Bxd3 16. Rfd1 c4 17. Ne1 Ne5 18. Bf4 Ng4 19. Nxd3 cxd3 20. Qxd3 Qb6 21.
Qe2 1-0

[Event "European Blitz 2017"]
[Site "Katowice POL"]
[Date "2017.12.15"]
[Round "15.32"]
[White "Neiksans, Arturs"]
[Black "Dragnev, Valentin"]
[Result "1-0"]
[WhiteTitle "GM"]
[BlackTitle "IM"]
[WhiteElo "2590"]
[BlackElo "2458"]
[WhiteFideId "11601388"]
[BlackFideId "1634852"]
[EventDate "2017.12.15"]
[EventType "blitz"]

1. b3 e5 2. Bb2 Nc6 3. e3 Nf6 4. Bb5 e4 5. Ne2 a6 6. Bxc6 dxc6 7. Ng3 Bg4 8. f3
exf3 9. gxf3 Bh3 10. Qe2 Bd6 11. Nc3 Qe7 12. O-O-O O-O-O 13. Nce4 Nxe4 14. Nxe4
Ba3 15. Rhg1 Bxb2+ 16. Kxb2 Rhe8 17. Qc4 Bf5 18. Rxg7 Bg6 19. Qc3 Qh4 20. Nc5
Rd5 21. e4 Rd6 22. Kb1 Qxh2 23. a4 Red8 24. d3 Qe2 25. Re1 Qxf3 26. a5 Rd4 27.
Rg8 Qf6 28. e5 Qf2 29. Rxd8+ Kxd8 30. Nxb7+ Kc8 31. Nc5 Rg4 32. Nxa6 Rg1 33.
Rxg1 Qxg1+ 34. Kb2 Kb7 35. Nc5+ Ka7 36. Qb4 1-0

[Event "European Blitz 2017"]
[Site "Katowice POL"]
[Date "2017.12.15"]
[Round "15.33"]
[White "Heberla, Bartlomiej"]
[Black "Meissner, Felix"]
[Result "1-0"]
[WhiteTitle "GM"]
[BlackTitle "FM"]
[WhiteElo "2555"]
[BlackElo "2333"]
[WhiteFideId "1115120"]
[BlackFideId "24671827"]
[EventDate "2017.12.15"]
[EventType "swiss"]

1. Nf3 Nf6 2. d4 g6 3. c4 Bg7 4. Nc3 O-O 5. e3 d6 6. Be2 b6 7. b3 Bb7 8. Bb2
Nbd7 9. Qc2 e6 10. O-O Qe7 11. e4 Nh5 12. Rfe1 a6 13. Bf1 c5 14. d5 e5 15. Bc1
f5 16. exf5 Rxf5 17. Bd3 Rxf3 18. gxf3 Rf8 19. Ne4 Nf4 20. Kh1 Bc8 21. Rg1 Rf5
22. Ng3 Rf7 23. Ne4 Rf5 24. Nxd6 Rh5 25. Nf5 gxf5 26. Bxf4 exf4 27. Rg2 Nf8 28.
Rag1 Ng6 29. Qe2 Qxe2 30. Bxe2 Be5 31. Rd1 Bd6 32. Bd3 Kf7 33. Rgg1 h6 34. Be2
Rg5 35. Rde1 Rxg1+ 36. Kxg1 Ne5 37. Kg2 Bd7 38. Bd1 a5 39. a4 Kf6 40. Be2 Be8
41. Rc1 Bh5 42. Rc3 Nf7 43. Rc1 Be5 44. Re1 Nd6 45. Bd3 Bf7 46. Kh3 Bc3 47. Re2
Bd4 48. Kh4 Be5 49. Re1 Bd4 50. Re2 Be5 51. Re1 Be8 52. Rg1 Bf7 53. Re1 Bd4 54.
Re2 Be5 55. Kh3 Be8 56. Kh4 Bf7 57. Re1 Nc8 58. Bf1 Ne7 59. Bd3 Ng6+ 60. Kh5 Kg7
61. Rg1 Kf6 62. Kxh6 Bd4 63. Rg5 Ne7 64. Rg2 Be5 65. h4 Bd6 66. h5 Ng8+ 67. Kh7
Ne7 68. Rg7 Bxh5 69. Rg1 Bxf3 70. Re1 Be5 71. Rg1 Bg4 72. Rh1 Kg5 73. Bf1 Nc8
74. Bg2 f3 75. Bf1 Nd6 76. Bd3 Ne4 77. Rh6 Nxf2 78. Bf1 Ne4 79. Rxb6 Kf4 80. Ra6
f2 81. Rxa5 Ng3 82. Bg2 Ke3 83. Ra8 f4 84. Re8 Kd4 85. a5 f3 86. Bf1 Nxf1 87. a6
Bf5+ 88. Kg8 Ne3 89. a7 f1=Q 1-0

[Event "European Blitz 2017"]
[Site "Katowice POL"]
[Date "2017.12.15"]
[Round "15.34"]
[White "Mikrut, Dariusz"]
[Black "Tomczak, Jacek"]
[Result "0-1"]
[WhiteTitle "IM"]
[BlackTitle "GM"]
[WhiteElo "2375"]
[BlackElo "2588"]
[WhiteFideId "1112791"]
[BlackFideId "1124668"]
[EventDate "2017.12.15"]
[EventType "blitz"]

1. d4 Nf6 2. Nf3 g6 3. c4 Bg7 4. Nc3 d5 5. cxd5 Nxd5 6. e4 Nxc3 7. bxc3 c5 8.
Rb1 O-O 9. Be2 Nc6 10. d5 Ne5 11. Nxe5 Bxe5 12. Qd2 e6 13. O-O exd5 14. exd5 Qf6
15. c4 b6 16. Bb2 Bf5 17. Bxe5 Qxe5 18. Rbe1 Qf6 19. Bd1 Bd7 20. Re3 Rfe8 21.
Rfe1 Rxe3 22. Rxe3 Re8 23. Be2 Rxe3 24. fxe3 Qe5 25. Bf1 Kf8 26. g3 Ke7 27. Be2
Kd6 28. Bf1 Bf5 29. Be2 Qa1+ 30. Bf1 Be4 31. Qf2 f6 32. Qf4+ Qe5 33. Kf2 g5 34.
Qg4 Qf5+ 35. Qxf5 Bxf5 36. a3 Ke5 37. Ke2 Bd7 38. Kd2 a6 39. Be2 b5 40. Kc3 Ke4
41. Bd3+ Kxe3 42. Bxh7 Kf3 43. Bg8 Kg2 44. Be6 Be8 45. h4 Kxg3 46. h5 Bxh5 47.
d6 Be8 48. cxb5 axb5 49. d7 Bxd7 50. Bxd7 b4+ 51. axb4 cxb4+ 52. Kxb4 g4 53. Kc3
Kf3 54. Kd2 g3 55. Bh3 g2 56. Bxg2+ Kxg2 57. Ke3 Kg3 58. Ke4 Kg4 59. Ke3 f5 60.
Ke2 Kg3 61. Kf1 Kf3 0-1

[Event "European Blitz 2017"]
[Site "Katowice POL"]
[Date "2017.12.15"]
[Round "15.35"]
[White "Jahncke, Giso"]
[Black "Zelcic, Robert"]
[Result "0-1"]
[WhiteTitle "FM"]
[BlackTitle "GM"]
[WhiteElo "2403"]
[BlackElo "2501"]
[WhiteFideId "24608289"]
[BlackFideId "14500310"]
[EventDate "2017.12.15"]
[EventType "blitz"]

1. Nf3 Nf6 2. c4 e6 3. g3 a6 4. Na3 d5 5. b3 Be7 6. Bg2 O-O 7. O-O c5 8. d4 Nc6
9. cxd5 Nxd5 10. Bb2 cxd4 11. Nc4 Nc3 12. Qe1 Bf6 13. e3 e5 14. Nfxe5 Nxe5 15.
Nxe5 Bxe5 16. exd4 Qxd4 17. Rc1 Ne2+ 18. Qxe2 Qxb2 19. Rc2 Qd4 20. Rd1 Bg4 21.
Rxd4 Bxe2 22. Rd7 Bb5 23. Rxb7 Rac8 24. Rxc8 Rxc8 25. Bd5 Rf8 26. a4 Bd3 27. Re7
Bf6 28. Rd7 Be2 29. f3 Rd8 30. Bxf7+ Kf8 31. Rxd8+ Bxd8 32. Bd5 a5 33. Kf2 Bd1
34. Ke3 Be7 35. Kd4 Bb4 36. Be4 h6 37. h4 Bxb3 38. Bc6 Ke7 39. Ke4 Kd6 40. Bb5
Bd5+ 41. Kf4 Bc6 42. Bd3 Bxa4 43. Kf5 Bc3 44. Kg6 Bc6 45. f4 a4 46. Bc2 a3 47.
Bb1 Be4+ 48. Bxe4 a2 0-1

[Event "European Blitz 2017"]
[Site "Katowice POL"]
[Date "2017.12.15"]
[Round "15.36"]
[White "Stupak, Kirill"]
[Black "Troyke, Christian"]
[Result "1-0"]
[WhiteTitle "GM"]
[BlackTitle "IM"]
[WhiteElo "2588"]
[BlackElo "2348"]
[WhiteFideId "13503758"]
[BlackFideId "4616278"]
[EventDate "2017.12.15"]
[EventType "blitz"]

1. d4 g6 2. g3 Bg7 3. Bg2 Nf6 4. e4 O-O 5. Nc3 c5 6. dxc5 Na6 7. Be3 Qa5 8. a3
Qc7 9. b4 d6 10. Nge2 dxc5 11. b5 Nb8 12. O-O Be6 13. Bf4 Qc8 14. Qc1 Bh3 15. e5
Nh5 16. Nd5 Re8 17. Bxh3 Qxh3 18. Nc7 Nd7 19. Qe3 g5 20. Bxg5 Nxe5 21. f3 Nc4
22. Qe4 Nd6 23. Qg4 Qxg4 24. fxg4 Bxa1 25. Rxa1 Nf6 26. Nxa8 Rxa8 27. Bxf6 exf6
28. Nc3 a6 29. b6 Nb5 30. Nd5 Kg7 31. Rf1 Rd8 32. Nxf6 Nxa3 33. Nh5+ Kg8 34. Rf2
Nc4 35. Rf4 Nxb6 36. Re4 Nd5 37. Re5 f6 38. Rxd5 Rxd5 39. Nxf6+ Kf7 40. Nxd5 Ke6
41. Nb6 Kd6 42. g5 Kc6 43. h4 Kxb6 44. h5 a5 45. g6 1-0